| 000 | 00382nam a2200109Ia 4500 | ||
|---|---|---|---|
| 008 | 160909s9999 xx 000 0 und d | ||
| 100 | _aMones, Chelsey | ||
| 245 | 4 | _aThe lasik experts: A small business plan proposal | |
| 260 |
_bCalifornia State University, Long Beach. _c2016 |
||
| 650 | _aInformation Technology | ||
| 856 | _uhttp://pqdtopen.proquest.com/doc/1778496740.html?FMT=ABS | ||
| 999 |
_c303810 _d303810 |
||